000 00942nam a22003017a 4500
001 5290
003 FISKH
005 20241125081137.0
008 241125b cb ||||| |||| 00| 0 eng d
020 _a9780545422352
040 _aFISKH
_beng
_cFISKH
_dFISKH
050 _aPZ7.N964
082 _a460
100 _aNumeroff, Laura
_d(1953-)
245 _aIf you give a cat a cupcake /
_cWritten by Laura Numeroff Illustrated by Felicia Bond
250 _aFirst printing in 2011
260 _aNew York :
_bScholastic,
_c2011.
300 _a28 pages :
_bColor illustrations ;
_c23 cm
505 _aJ
520 _aA series of increasingly far-fetched events might occur if someone were to give a cupcake to a cat.
521 8 _a440L
_bLexile
521 8 _aJ
_bRaz-Plus
650 _2Cupcakes
_aFiction
650 _2Picture book
_aFriendship
700 _aBond, Felicia
_dIllustrations
942 _2ddc
_cBK
_n0
999 _c5290
_d5290